[Event "XII Paracin Festival 2019"]
[Site "Paracin"]
[Date "2019.07.10"]
[Round "7.4"]
[White "Lorparizangeneh, Shahin"]
[Black "Ratkovic, Milovan"]
[Result "1-0"]
[WhiteElo "2494"]
[BlackElo "2407"]
[Annotator "ChessBase"]
[PlyCount "65"]
[EventDate "2019.07.05"]
[EventType "swiss"]
[EventCountry "SRB"]
[SourceTitle "playchess.com"]
[Source "ChessBase"]
[SourceQuality "1"]
[TimeControl "5400+30"]

1. d4 {[%emt 0:02:17]} d5 {[%emt 0:00:00]} 2. c4 {[%emt 0:00:40]} Nc6 {[%emt 0:00:10]} 3. Nf3 {[%emt 0:04:24]} Bg4 {[%emt 0:00:28]} 4. cxd5 {[%emt 0:00:19]} Bxf3 {[%emt 0:00:16]} 5. gxf3 {[%emt 0:00:05]} Qxd5 {[%emt 0:00:10]} 6. e3 {[%emt 0:00:07]} e5 {[%emt 0:02:03]} 7. Nc3 {[%emt 0:01:37]} Bb4 {[%emt 0:00:51]} 8. Bd2 {[%emt 0:00:17]} Bxc3 {[%emt 0:01:11]} 9. bxc3 {[%emt 0:00:06]} Qd6 {[%emt 0:02:42]} 10. Rb1 {[%emt 0:01:11]} Nge7 {[%emt 0:01:04]} 11. Rxb7 {[%emt 0:09:40]} O-O {[%emt 0:00:16]} 12. Bd3 {[%emt 0:01:02]} Ng6 {[%emt 0:07:11]} 13. h4 {[%emt 0:08:16]} h5 {[%emt 0:20:23]} 14. Qa4 {[%emt 0:10:45]} Rab8 {[%emt 0:08:00]} 15. Rb3 {[%emt 0:07:14]} Rb6 {[%emt 0:12:26]} 16. Bc1 {[%emt 0:08:26]} Qf6 {[%emt 0:07:57]} 17. Be4 {[%emt 0:00:45]} Nce7 {[%emt 0:00:38]} 18. Ba3 {[%emt 0:01:37]} Ra6 {[%emt 0:12:18]} 19. Qd7 {[%emt 0:05:05]} exd4 {[%emt 0:13:38]} 20. cxd4 {[%emt 0:08:39]} Re6 {[%emt 0:00:13]} 21. Qb5 {[%emt 0:02:49]} c5 {[%emt 0:02:38]} 22. Bxc5 {[%emt 0:04:17]} Nxh4 {[%emt 0:02:50]} 23. Bxe7 {[%emt 0:01:06]} Qxe7 {[%emt 0:00:15]} 24. Qb7 {[%emt 0:05:06]} Qf6 {[%emt 0:00:37]} 25. Rb5 {[%emt 0:05:23]} g6 {[%emt 0:00:21]} 26. f4 {[%emt 0:00:56]} Rd8 {[%emt 0:01:40]} 27. Re5 {[%emt 0:01:11]} Rxe5 {[%emt 0:02:11]} 28. dxe5 {[%emt 0:01:13]} Qe6 {[%emt 0:00:02]} 29. Rxh4 {[%emt 0:01:06]} Qxa2 {[%emt 0:00:55]} 30. Qb1 {[%emt 0:01:27]} Qa3 {[%emt 0:01:03]} 31. Ke2 {[%emt 0:00:44]} Rc8 {[%emt 0:00:29]} 32. Rh1 {[%emt 0:01:41]} Rc3 {[%emt 0:00:32]} 33. Kf3 {[%emt 0:01:25]} 1-0

[Event "XII Paracin Festival 2019"]
[Site "Paracin"]
[Date "2019.07.10"]
[Round "7.5"]
[White "Djordjevic, Vuk"]
[Black "Svetushkin, Dmitry"]
[Result "0-1"]
[WhiteElo "2412"]
[BlackElo "2528"]
[Annotator "ChessBase"]
[PlyCount "108"]
[EventDate "2019.07.05"]
[EventType "swiss"]
[EventCountry "SRB"]
[SourceTitle "playchess.com"]
[Source "ChessBase"]
[SourceQuality "1"]
[TimeControl "5400+30"]

1. d4 {[%emt 0:01:04]} Nf6 {[%emt 0:00:30]} 2. Bg5 {[%emt 0:00:19]} e6 {[%emt 0:00:09]} 3. e4 {[%emt 0:00:27]} h6 {[%emt 0:00:12]} 4. Bxf6 {[%emt 0:00:15]} Qxf6 {[%emt 0:00:08]} 5. Nf3 {[%emt 0:04:54]} d6 {[%emt 0:04:16]} 6. Nc3 {[%emt 0:00:23]} Nd7 {[%emt 0:00:41]} 7. Qd2 {[%emt 0:00:44]} a6 {[%emt 0:00:17]} 8. O-O-O {[%emt 0:02:14]} Qe7 {[%emt 0:05:20]} 9. h4 {[%emt 0:02:14]} b5 {[%emt 0:11:55]} 10. h5 {[%emt 0:06:33]} c5 {[%emt 0:07:11]} 11. Kb1 {[%emt 0:18:12]} c4 {[%emt 0:02:53]} 12. g4 {[%emt 0:13:13]} Nb6 {[%emt 0:02:16]} 13. Re1 {[%emt 0:06:56]} Qc7 {[%emt 0:05:10]} 14. a3 {[%emt 0:05:32]} Bd7 {[%emt 0:06:12]} 15. d5 {[%emt 0:08:24]} e5 {[%emt 0:02:01]} 16. g5 {[%emt 0:02:05]} a5 {[%emt 0:03:15]} 17. Na2 {[%emt 0:05:02]} b4 {[%emt 0:02:49]} 18. Qe3 {[%emt 0:02:20]} c3 {[%emt 0:02:17]} 19. bxc3 {[%emt 0:01:42]} bxa3 {[%emt 0:03:09]} 20. Ka1 {[%emt 0:03:58]} Rb8 {[%emt 0:04:09]} 21. g6 {[%emt 0:09:41]} fxg6 {[%emt 0:03:24]} 22. hxg6 {[%emt 0:00:50]} Be7 {[%emt 0:03:10]} 23. Rb1 {[%emt 0:01:32]} Na4 {[%emt 0:00:43]} 24. Be2 {[%emt 0:00:51]} Rb2 {[%emt 0:02:17]} 25. c4 {[%emt 0:02:20]} Qc5 {[%emt 0:00:40]} 26. Qxc5 {[%emt 0:00:38]} Nxc5 {[%emt 0:00:06]} 27. Rxb2 {[%emt 0:00:31]} axb2+ {[%emt 0:00:05]} 28. Kxb2 {[%emt 0:00:02]} Nxe4 {[%emt 0:00:39]} 29. Nc3 {[%emt 0:00:23]} Nxf2 {[%emt 0:06:34]} 30. Rf1 {[%emt 0:00:01]} Ng4 {[%emt 0:05:41]} 31. Nd2 {[%emt 0:00:56]} Nf6 {[%emt 0:03:08]} 32. Nde4 {[%emt 0:01:08]} O-O {[%emt 0:01:26]} 33. c5 {[%emt 0:00:32]} Rb8+ {[%emt 0:03:02]} 34. Ka2 {[%emt 0:00:29]} Bh3 {[%emt 0:06:37]} 35. Rf2 {[%emt 0:00:00]} dxc5 {[%emt 0:00:00]} 36. Bc4 {[%emt 0:00:53]} Bd8 {[%emt 0:01:58]} 37. d6+ {[%emt 0:00:32]} Kh8 {[%emt 0:00:01]} 38. Nxf6 {[%emt 0:00:37]} gxf6 {[%emt 0:00:42]} 39. Rh2 {[%emt 0:00:29]} Bf5 {[%emt 0:00:22]} 40. Rxh6+ {[%emt 0:00:29]} Kg7 {[%emt 0:00:02]} 41. Rh7+ {[%emt 0:00:33]} Kxg6 {[%emt 0:00:02]} 42. Rh2 {[%emt 0:00:25]} Bg4 {[%emt 0:01:47]} 43. Nd5 {[%emt 0:00:26]} Kg7 {[%emt 0:02:09]} 44. Rg2 {[%emt 0:00:34]} f5 {[%emt 0:00:05]} 45. Be2 {[%emt 0:00:32]} Kf7 {[%emt 0:00:27]} 46. Bxg4 {[%emt 0:00:14]} fxg4 {[%emt 0:00:04]} 47. Rxg4 {[%emt 0:00:21]} Ke6 {[%emt 0:00:08]} 48. Nc3 {[%emt 0:00:50]} Kxd6 {[%emt 0:00:30]} 49. Rg6+ {[%emt 0:00:04]} Kd7 {[%emt 0:00:14]} 50. Ne4 {[%emt 0:00:39]} Be7 {[%emt 0:00:06]} 51. Ra6 {[%emt 0:00:13]} Rb4 {[%emt 0:00:38]} 52. Nc3 {[%emt 0:00:33]} Bd8 {[%emt 0:00:38]} 53. Rh6 {[%emt 0:01:07]} Rd4 {[%emt 0:02:23]} 54. Nb5 {[%emt 0:00:31]} Ra4+ {[%emt 0:00:04]} 0-1

[Event "XII Paracin Festival 2019"]
[Site "Paracin"]
[Date "2019.07.10"]
[Round "7.6"]
[White "Baglan, Esat"]
[Black "Vishnu Prasanna. V"]
[Result "1/2-1/2"]
[WhiteElo "2336"]
[BlackElo "2505"]
[Annotator "ChessBase"]
[PlyCount "81"]
[EventDate "2019.07.05"]
[EventType "swiss"]
[EventCountry "SRB"]
[SourceTitle "playchess.com"]
[Source "ChessBase"]
[SourceQuality "1"]
[TimeControl "5400+30"]

1. e4 {[%emt 0:00:58]} e5 {[%emt 0:00:00]} 2. Nf3 {[%emt 0:00:06]} Nc6 {[%emt 0:00:00]} 3. Bb5 {[%emt 0:00:48]} a6 {[%emt 0:00:00]} 4. Ba4 {[%emt 0:00:03]} Nf6 {[%emt 0:00:00]} 5. O-O {[%emt 0:00:07]} b5 {[%emt 0:00:08]} 6. Bb3 {[%emt 0:00:07]} Bb7 {[%emt 0:00:13]} 7. d3 {[%emt 0:03:04]} Be7 {[%emt 0:00:21]} 8. a4 {[%emt 0:02:41]} O-O {[%emt 0:02:08]} 9. Nc3 {[%emt 0:03:29]} b4 {[%emt 0:08:25]} 10. Ne2 {[%emt 0:13:25]} d5 {[%emt 0:01:30]} 11. exd5 {[%emt 0:00:39]} Nxd5 {[%emt 0:00:07]} 12. Ng3 {[%emt 0:01:32]} Qd7 {[%emt 0:14:55]} 13. Re1 {[%emt 0:03:46]} Rae8 {[%emt 0:00:53]} 14. Bd2 {[%emt 0:14:00]} Bc5 {[%emt 0:06:56]} 15. c3 {[%emt 0:20:50]} Ba7 {[%emt 0:09:15]} 16. a5 {[%emt 0:05:18]} bxc3 {[%emt 0:06:49]} 17. bxc3 {[%emt 0:01:50]} Nf4 {[%emt 0:01:33]} 18. Bxf4 {[%emt 0:02:43]} exf4 {[%emt 0:00:06]} 19. Ne4 {[%emt 0:01:10]} Re7 {[%emt 0:01:55]} 20. Neg5 {[%emt 0:08:43]} Rxe1+ {[%emt 0:02:28]} 21. Qxe1 {[%emt 0:00:14]} Nd8 {[%emt 0:11:35]} 22. Ne5 {[%emt 0:03:27]} Qf5 {[%emt 0:04:15]} 23. Nexf7 {[%emt 0:09:31]} Nxf7 {[%emt 0:00:09]} 24. Nxf7 {[%emt 0:00:05]} Bd5 {[%emt 0:00:11]} 25. Bxd5 {[%emt 0:00:13]} Qxd5 {[%emt 0:00:03]} 26. Ne5 {[%emt 0:00:06]} Re8 {[%emt 0:00:11]} 27. d4 {[%emt 0:00:05]} Bxd4 {[%emt 0:01:28]} 28. cxd4 Qxd4 {[%emt 0:00:04]} 29. Qd1 {[%emt 0:03:17]} Qxe5 {[%emt 0:03:54]} 30. h3 {[%emt 0:00:49]} h6 31. Qb3+ Kh8 {[%emt 0:00:37]} 32. Ra2 {[%emt 0:02:10]} c5 {[%emt 0:05:22]} 33. Qc4 {[%emt 0:00:39]} f3 {[%emt 0:01:29]} 34. Qxa6 {[%emt 0:00:04]} Qe1+ {[%emt 0:00:13]} 35. Kh2 {[%emt 0:00:09]} fxg2 {[%emt 0:06:38]} 36. Kxg2 {[%emt 0:00:35]} Re5 37. Qa8+ Kh7 {[%emt 0:00:38]} 38. Ra3 {[%emt 0:00:41]} c4 {[%emt 0:03:24]} 39. Qc6 Rg5+ {[%emt 0:02:45]} 40. Rg3 {[%emt 0:01:14]} Rxg3+ {[%emt 0:00:03]} 41. Kxg3 {[%emt 0:00:16]} 1/2-1/2

[Event "XII Paracin Festival 2019"]
[Site "Paracin"]
[Date "2019.07.10"]
[Round "7.7"]
[White "Petrov, Martin"]
[Black "Gadimbayli, Abdulla"]
[Result "0-1"]
[WhiteElo "2480"]
[BlackElo "2414"]
[Annotator "TA"]
[PlyCount "126"]
[EventDate "2019.07.05"]
[EventType "swiss"]
[EventCountry "SRB"]
[SourceTitle "playchess.com"]
[Source "ChessBase"]
[SourceQuality "1"]

{[%evp 30,129,56,50,42,37,60,50,57,29,39,28,84,81,89,89,84,18,14,15,31,25,29,19,14,0,25,0,0,0,0,0,34,0,0,0,13,16,15,16,150,86,167,162,154,142,122,77,86,87,180,180,343,342,337,322,338,335,322,293,389,0,304,296,280,273,265,268,225,200,185,191,211,207,170,36,374,125,620,616,590,579,617,-1167,-1178,-5436,-3273,-5464,-6111,-5425,-1499,-7139,-7548,-6087,-5501,-7100,-6977,-12072,-7694,-29976,-29976,-29974]} 1. e4 e6 2. d4 d5 3. Nd2 Nf6 4. e5 Nfd7 5. Bd3 c5 6. c3 Nc6 7. Ne2 cxd4 8. cxd4 f6 9. exf6 Nxf6 10. Nf3 Bd6 11. O-O O-O 12. Bf4 Bxf4 13. Nxf4 Ne4 14. Ne2 Rxf3 15. gxf3 Ng5 16. f4 Nh3+ {C06: French Tarrasch: 3...Nf6 4 e5 Nfd7 5 Bd3 main lines} 17. Kg2 Qh4 18. f5 $1 Qg4+ $1 {White is slightly better.} 19. Ng3 Nf4+ 20. Kh1 $1 {[#]} Qxd1 $146 (20... exf5 $11 {keeps the balance.} 21. Qxg4 fxg4) ({Predecessor:} 20... Qh4 21. Qd2 Bd7 22. Ne2 {½-½ (22) Schroeder,J (2514)-Volkov,S (2609) Bad Wiessee 2016}) 21. Raxd1 $16 Nxd4 22. fxe6 Ndxe6 23. Nf5 (23. Ne2 $16) 23... g6 $11 24. Ne7+ Kf7 25. Nxc8 Rxc8 26. Rfe1 Kf6 27. Bb1 Rd8 28. Rc1 h5 29. h4 g5 30. Rc3 g4 31. Rce3 d4 32. Re4 Rd6 33. Kh2 d3 34. Rd1 Ng6 (34... Rd7 $11) 35. Rxd3 (35. Bxd3 $142 Nc5 36. Re3) 35... Rb6 (35... Rxd3 $16 36. Bxd3 Nxh4) 36. Rb3 Rxb3 37. axb3 {Threatens to win with Rxe6+.} Nxh4 $18 {[%mdl 4096] Endgame KRB-KNN} 38. Ra4 Nf3+ 39. Kg3 a6 (39... b6 $16) 40. Ra5 $1 {[%cal Ra5f5] Black must now prevent Rf5+.} Neg5 $2 (40... Ned4 {was called for.} 41. Be4 (41. Rxh5 Ne2+ 42. Kxg4 Ne5+ 43. Kh4 Nf3+ 44. Kh3 Nf4+ 45. Kg4 Nxh5 $16) 41... Ne2+ 42. Kg2 Nf4+ 43. Kg3 Ne2+ 44. Kg2 Nf4+ 45. Kh1 Nd4 46. Bxb7 Nxb3 47. Rxa6+ Ke5) 41. Rf5+ Ke6 42. b4 b6 43. Bd3 b5 44. Bb1 Kd6 45. Bd3 Ke6 46. Bc2 Ke7 47. Rc5 Kd6 48. Bb1 Ne5 49. Kh4 Nh3 {[#]} 50. Rc2 $1 ({Resist} 50. Kxh5 Nxf2 51. Rc3 Kd5 $16) 50... Nf4 51. Kg5 Nfd3 52. Kf5 (52. Kxh5 $18 {Strongly threatening Rd2.} Nxb4 53. Rd2+ Kc5 54. Re2) 52... Kd5 $2 {[%mdl 8192] [#]} ({Don't go for} 52... Nxb4 $2 53. Rd2+ Kc5 54. Kxe5 $18) (52... Nf3 $14 53. Rc8 Nxf2) 53. Rc8 $2 (53. Re2 $1 $18 {and the rest is easy.}) 53... Nxf2 $2 {[%mdl 8192]} (53... Nxb4 $16 54. Be4+ (54. Rd8+ Kc4 $14) 54... Kd6) 54. Rd8+ Kc4 {aiming for ...g3.} 55. Kxe5 g3 {And now ...g2 would win.} 56. Kf4 $4 {[%mdl 8192]} (56. Ba2+ $18 Kxb4 57. Rd4+ Kc5 58. b4+ Kb6 59. Bd5) 56... g2 $19 57. Rg8 Nh3+ 58. Ke3 g1=Q+ 59. Rxg1 Nxg1 {KB-KN} 60. Bf5 Kxb4 61. Be6 a5 62. Bd7 h4 63. Kf2 {[#]} Kb3 {Played: Ng1-h3} 0-1

[Event "XII Paracin Festival 2019"]
[Site "Paracin"]
[Date "2019.07.10"]
[Round "7.8"]
[White "Ratkovic, Miloje"]
[Black "McPhillips, Joseph"]
[Result "1-0"]
[WhiteElo "2416"]
[BlackElo "2412"]
[Annotator "NA"]
[PlyCount "79"]
[EventDate "2019.07.05"]
[EventType "swiss"]
[EventCountry "SRB"]
[SourceTitle "playchess.com"]
[Source "ChessBase"]
[SourceQuality "1"]
[TimeControl "5400+30"]

1. Nf3 {[%emt 0:01:25]} Nf6 {[%emt 0:00:00]} 2. c4 {[%emt 0:00:10]} g6 {[%emt 0:00:00]} 3. Nc3 {[%emt 0:02:17]} Bg7 {[%emt 0:00:10]} 4. d4 {[%emt 0:00:16]} d6 {[%emt 0:00:48]} 5. e4 {[%emt 0:00:15]} O-O {[%emt 0:00:10]} 6. Be2 {[%emt 0:00:08]} e5 {[%emt 0:00:29]} 7. O-O {[%emt 0:00:22]} Nc6 {[%emt 0:01:41]} 8. d5 {[%emt 0:00:51]} Ne7 {[%emt 0:00:30]} 9. b4 {[%emt 0:00:08]} a5 {[%emt 0:03:22]} 10. bxa5 {[%emt 0:00:22]} Rxa5 {[%emt 0:03:04]} 11. a4 {[%emt 0:00:19]} c5 {[%emt 0:00:57]} 12. Ra3 {[%emt 0:07:28]} Ne8 {[%emt 0:01:22]} 13. Nb5 {[%emt 0:01:52]} Ra6 {[%emt 0:00:43]} 14. Bd2 {[%emt 0:09:18]} f5 {[%emt 0:00:20]} 15. exf5 {[%emt 0:03:00]} gxf5 {[%emt 0:00:54]} 16. g3 {[%emt 0:03:14]} e4 {[%emt 0:02:24]} 17. Ng5 {[%emt 0:04:23]} Ng6 {[%emt 0:01:01]} 18. f4 {[%emt 0:05:47]} exf3 {[%emt 0:01:28]} 19. Bxf3 {[%emt 0:11:24]} Nf6 {[%emt 0:12:58]} 20. Ne6 {[%emt 0:08:21]} Bxe6 {[%emt 0:01:27]} 21. dxe6 {[%emt 0:00:07]} Ne4 {[%emt 0:00:22]} 22. Bf4 {[%emt 0:07:39]} Rf6 {[%emt 0:33:21]} 23. Bxe4 {[%emt 0:05:52]} fxe4 {[%emt 0:03:15]} 24. Re3 {[%emt 0:01:04]} Nxf4 {[%emt 0:06:05]} 25. gxf4 {[%emt 0:00:56]} Rf5 {[%emt 0:23:30]} 26. Rxe4 {[%emt 0:01:24]} Qe7 {[%emt 0:00:30]} 27. Kh1 {[%emt 0:01:19]} h5 {[%emt 0:01:00]} 28. Rg1 {[%emt 0:01:06]} Kh8 {[%emt 0:01:17]} 29. Nc7 {[%emt 0:05:00]} Qxc7 {[%emt 0:00:38]} 30. e7 {[%emt 0:00:07]} Ra8 {[%emt 0:00:21]} 31. e8=Q+ {[%emt 0:00:12]} Rxe8 {[%emt 0:00:04]} 32. Rxe8+ {[%emt 0:00:09]} Kh7 {[%emt 0:00:07]} 33. Qf3 {[%emt 0:00:21]} Bd4 {[%emt 0:01:40]} 34. Qe4 {[%emt 0:00:50]} Qc6 {[%emt 0:00:20]} 35. Rg5 {[%emt 0:01:49]} Qxe4+ {[%emt 0:00:38]} 36. Rxe4 {[%emt 0:00:04]} Rf7 {[%emt 0:00:30]} 37. Rxh5+ {[%emt 0:00:22]} Kg6 {[%emt 0:00:03]} 38. Rd5 {[%emt 0:00:19]} Kf6 {[%emt 0:00:31]} 39. h4 {[%emt 0:01:42]} Bg1 {[%emt 0:00:59]} 40. Kxg1 {[%emt 0:00:13]} 1-0

[Event "XII Paracin Festival 2019"]
[Site "Paracin"]
[Date "2019.07.10"]
[Round "7.9"]
[White "Perunovic, Milos"]
[Black "Koksal, Ege"]
[Result "1-0"]
[WhiteElo "2597"]
[BlackElo "2368"]
[Annotator "ChessBase"]
[PlyCount "71"]
[EventDate "2019.07.05"]
[EventType "swiss"]
[EventCountry "SRB"]
[SourceTitle "playchess.com"]
[Source "ChessBase"]
[SourceQuality "1"]
[TimeControl "5400+30"]

1. e4 {[%emt 0:00:49]} e5 {[%emt 0:01:58]} 2. Nf3 {[%emt 0:00:17]} Nc6 {[%emt 0:00:02]} 3. Bb5 {[%emt 0:02:24]} a6 {[%emt 0:00:02]} 4. Ba4 {[%emt 0:00:10]} Nf6 {[%emt 0:00:05]} 5. O-O {[%emt 0:00:11]} Be7 {[%emt 0:00:08]} 6. d3 {[%emt 0:01:58]} b5 {[%emt 0:04:36]} 7. Bb3 {[%emt 0:00:14]} d6 {[%emt 0:00:02]} 8. a3 {[%emt 0:00:30]} O-O {[%emt 0:03:41]} 9. Nc3 {[%emt 0:00:24]} Bg4 {[%emt 0:01:19]} 10. Be3 {[%emt 0:01:02]} Nd4 {[%emt 0:00:05]} 11. Bxd4 {[%emt 0:00:09]} exd4 {[%emt 0:00:02]} 12. Nd5 {[%emt 0:00:14]} c6 {[%emt 0:00:53]} 13. h3 {[%emt 0:15:31]} Bxf3 {[%emt 0:27:30]} 14. Nxe7+ {[%emt 0:05:14]} Qxe7 {[%emt 0:00:06]} 15. Qxf3 {[%emt 0:00:07]} Nd7 {[%emt 0:00:48]} 16. Qg3 {[%emt 0:01:48]} Nc5 {[%emt 0:04:22]} 17. Ba2 {[%emt 0:00:57]} Na4 {[%emt 0:01:46]} 18. Rab1 {[%emt 0:00:07]} c5 {[%emt 0:00:09]} 19. f4 {[%emt 0:00:58]} Rad8 {[%emt 0:02:39]} 20. Qf2 {[%emt 0:09:00]} Kh8 {[%emt 0:00:57]} 21. Bb3 {[%emt 0:09:40]} Nb6 {[%emt 0:01:08]} 22. Rbe1 {[%emt 0:07:39]} Qd7 {[%emt 0:02:29]} 23. Ba2 {[%emt 0:08:24]} Na4 {[%emt 0:01:54]} 24. e5 {[%emt 0:01:08]} Qe7 {[%emt 0:18:26]} 25. b4 {[%emt 0:07:05]} cxb4 {[%emt 0:01:08]} 26. axb4 {[%emt 0:06:16]} Nc3 {[%emt 0:04:57]} 27. Bb3 {[%emt 0:00:13]} dxe5 {[%emt 0:00:40]} 28. fxe5 {[%emt 0:00:16]} Qxb4 {[%emt 0:02:52]} 29. Bxf7 {[%emt 0:00:27]} Nd5 {[%emt 0:01:52]} 30. e6 {[%emt 0:04:07]} Ne7 {[%emt 0:04:42]} 31. Qh4 {[%emt 0:03:21]} a5 {[%emt 0:06:22]} 32. Re5 {[%emt 0:01:24]} Rd5 {[%emt 0:03:10]} 33. Rxd5 {[%emt 0:00:06]} Nxd5 {[%emt 0:00:01]} 34. Rf5 {[%emt 0:00:11]} Nf6 {[%emt 0:04:35]} 35. Rxf6 {[%emt 0:00:25]} Qe7 {[%emt 0:00:03]} 36. Rh6 {[%emt 0:00:42]} 1-0

[Event "XII Paracin Festival 2019"]
[Site "Paracin"]
[Date "2019.07.10"]
[Round "7.10"]
[White "Liu, Zhaoqi"]
[Black "Sanal, Vahap"]
[Result "0-1"]
[WhiteElo "2386"]
[BlackElo "2520"]
[Annotator "ChessBase"]
[PlyCount "94"]
[EventDate "2019.07.05"]
[EventType "swiss"]
[EventCountry "SRB"]
[SourceTitle "playchess.com"]
[Source "ChessBase"]
[SourceQuality "1"]
[TimeControl "5400+30"]

1. c4 {[%emt 0:01:59]} c6 {[%emt 0:00:00]} 2. e4 {[%emt 0:00:21]} d5 {[%emt 0:00:00]} 3. exd5 {[%emt 0:00:10]} cxd5 {[%emt 0:00:00]} 4. d4 {[%emt 0:00:04]} Nf6 {[%emt 0:00:13]} 5. Nc3 {[%emt 0:00:09]} e6 {[%emt 0:00:44]} 6. Nf3 {[%emt 0:00:38]} Be7 {[%emt 0:00:14]} 7. Bd3 {[%emt 0:03:36]} O-O {[%emt 0:00:40]} 8. cxd5 {[%emt 0:00:46]} exd5 {[%emt 0:01:10]} 9. h3 {[%emt 0:03:43]} Nc6 {[%emt 0:00:28]} 10. O-O {[%emt 0:00:12]} h6 {[%emt 0:04:53]} 11. Bf4 {[%emt 0:08:03]} Bd6 {[%emt 0:06:07]} 12. Be5 {[%emt 0:10:33]} Be6 {[%emt 0:06:43]} 13. Rc1 {[%emt 0:04:47]} Rc8 {[%emt 0:19:42]} 14. Bb1 {[%emt 0:04:57]} Re8 {[%emt 0:05:21]} 15. Re1 {[%emt 0:02:04]} Bf8 {[%emt 0:02:42]} 16. a3 {[%emt 0:22:17]} Nd7 {[%emt 0:05:15]} 17. Bg3 {[%emt 0:02:53]} g6 {[%emt 0:01:47]} 18. Ne2 {[%emt 0:01:30]} Bg7 {[%emt 0:00:45]} 19. Nf4 {[%emt 0:00:55]} Nf8 {[%emt 0:00:19]} 20. Ne5 {[%emt 0:02:08]} Qb6 {[%emt 0:09:42]} 21. Nxe6 {[%emt 0:09:05]} Rxe6 {[%emt 0:01:33]} 22. Ba2 {[%emt 0:01:01]} Rd8 {[%emt 0:01:14]} 23. Qf3 {[%emt 0:02:24]} Rf6 {[%emt 0:01:14]} 24. Qe3 {[%emt 0:07:16]} Nxd4 {[%emt 0:06:20]} 25. Red1 {[%emt 0:01:38]} Nfe6 {[%emt 0:10:17]} 26. b4 {[%emt 0:00:45]} Rf5 {[%emt 0:04:34]} 27. Bb1 {[%emt 0:01:30]} Rg5 {[%emt 0:00:36]} 28. Kh2 {[%emt 0:01:12]} Bxe5 {[%emt 0:07:10]} 29. Bxe5 {[%emt 0:00:02]} Nf3+ {[%emt 0:00:24]} 30. Qxf3 {[%emt 0:05:05]} Rxe5 {[%emt 0:00:03]} 31. Rd3 {[%emt 0:02:45]} Rf5 {[%emt 0:00:51]} 32. Qe3 {[%emt 0:00:02]} Rxf2 {[%emt 0:00:52]} 33. Qxh6 {[%emt 0:00:12]} Nf4 {[%emt 0:01:18]} 34. Rg3 {[%emt 0:00:09]} Qd6 {[%emt 0:00:28]} 35. Re1 {[%emt 0:00:52]} Re2 {[%emt 0:01:57]} 36. Bxg6 {[%emt 0:01:45]} fxg6 {[%emt 0:00:15]} 37. Rf1 {[%emt 0:00:00]} Nh5 {[%emt 0:01:14]} 38. Qxg6+ {[%emt 0:00:32]} Qxg6 {[%emt 0:00:02]} 39. Rxg6+ {[%emt 0:00:04]} Ng7 {[%emt 0:00:08]} 40. h4 {[%emt 0:00:24]} d4 {[%emt 0:00:12]} 41. h5 {[%emt 0:00:15]} Re6 {[%emt 0:00:28]} 42. Rf2 {[%emt 0:01:44]} Rxg6 {[%emt 0:00:10]} 43. hxg6 {[%emt 0:00:02]} d3 {[%emt 0:00:21]} 44. Rd2 {[%emt 0:00:03]} Nh5 {[%emt 0:00:05]} 45. g4 {[%emt 0:00:31]} Nf6 {[%emt 0:00:04]} 46. Kg2 {[%emt 0:00:03]} Ne4 {[%emt 0:00:04]} 47. Rd1 {[%emt 0:00:39]} d2 {[%emt 0:00:30]} 0-1

[Event "XII Paracin Festival 2019"]
[Site "Paracin"]
[Date "2019.07.10"]
[Round "7.11"]
[White "Martic, Ivan"]
[Black "Tan, Justin"]
[Result "0-1"]
[WhiteElo "2392"]
[BlackElo "2513"]
[Annotator "ChessBase"]
[PlyCount "70"]
[EventDate "2019.07.05"]
[EventType "swiss"]
[EventCountry "SRB"]
[SourceTitle "playchess.com"]
[Source "ChessBase"]
[SourceQuality "1"]
[TimeControl "5400+30"]

1. d4 {[%emt 0:00:00]} Nf6 {[%emt 0:01:38]} 2. c4 {[%emt 0:00:00]} e6 {[%emt 0:00:05]} 3. g3 {[%emt 0:00:00]} d5 {[%emt 0:01:18]} 4. Nf3 {[%emt 0:00:14]} dxc4 {[%emt 0:00:20]} 5. Bg2 {[%emt 0:01:49]} a6 {[%emt 0:00:07]} 6. O-O {[%emt 0:02:15]} Nc6 {[%emt 0:00:25]} 7. Nc3 {[%emt 0:04:14]} Rb8 {[%emt 0:03:03]} 8. e4 {[%emt 0:00:47]} b5 {[%emt 0:02:25]} 9. d5 {[%emt 0:11:42]} Nb4 {[%emt 0:00:48]} 10. Ne5 {[%emt 0:10:10]} Bd6 {[%emt 0:26:09]} 11. f4 {[%emt 0:03:03]} Bc5+ {[%emt 0:01:48]} 12. Kh1 {[%emt 0:01:33]} O-O {[%emt 0:09:57]} 13. a3 {[%emt 0:02:53]} Nd3 {[%emt 0:00:02]} 14. Nxd3 {[%emt 0:09:26]} cxd3 {[%emt 0:00:01]} 15. Qxd3 {[%emt 0:02:50]} exd5 {[%emt 0:01:00]} 16. Nxd5 {[%emt 0:02:28]} Nxd5 {[%emt 0:00:13]} 17. exd5 {[%emt 0:00:47]} Qf6 {[%emt 0:00:55]} 18. f5 {[%emt 0:02:21]} Re8 {[%emt 0:01:11]} 19. g4 {[%emt 0:08:59]} Bb7 {[%emt 0:00:48]} 20. Qc2 {[%emt 0:08:37]} Qd4 {[%emt 0:03:16]} 21. Bf4 {[%emt 0:01:46]} Qxd5 {[%emt 0:08:07]} 22. Rad1 {[%emt 0:05:14]} Qxg2+ {[%emt 0:00:15]} 23. Qxg2 {[%emt 0:00:06]} Bxg2+ {[%emt 0:00:02]} 24. Kxg2 {[%emt 0:00:06]} Re2+ {[%emt 0:00:52]} 25. Kf3 {[%emt 0:01:05]} Rxb2 {[%emt 0:00:53]} 26. Bxc7 {[%emt 0:03:31]} Rc8 {[%emt 0:01:36]} 27. Rd7 {[%emt 0:02:56]} Bxa3 {[%emt 0:04:25]} 28. g5 {[%emt 0:03:54]} Rc2 {[%emt 0:02:46]} 29. Be5 {[%emt 0:01:00]} Re8 {[%emt 0:00:38]} 30. Bd4 {[%emt 0:02:56]} Rd2 {[%emt 0:01:24]} 31. Ra1 {[%emt 0:06:19]} Bc5 {[%emt 0:01:34]} 32. g6 {[%emt 0:00:45]} Rd3+ {[%emt 0:03:36]} 33. Kg2 {[%emt 0:00:21]} f6 {[%emt 0:04:39]} 34. Rc7 {[%emt 0:02:17]} Bxd4 {[%emt 0:00:12]} 35. Re1 {[%emt 0:00:14]} Be5 {[%emt 0:01:56]} 0-1